00505nam a2200169Ia 4500008004100000020001500041082001300056100002300069245003800092260003000130300001300160500002400173650001600197942000700213952010000220999001500320230524s9999 xx 000 0 und d a8178672677 a510bJEF aAlan Jeffrey91550 0aAdvanced Engineering Mathematics aNEW DELHIbAcademicc2003 aXIX;1160 aQuantity Number: 1 aMathematics cBK 00104070aTATCLbTATCLcGENd2023-05-24l0o510 JEFp1175r2023-05-24w2023-05-24yBKzBS1101 c3553d3553